Letter Pattern: _ Q U _ _ _ Quiz Stats

Quiz Updated Oct 18, 2016

Challenge
Share
Tweet
Embed
Score 0/18 Timer 05:00
2 Plays Today
Clue Answer % Correct
Make a noise like a mouseSqueak
89.5%
To look with eyes mostly closedSquint
87.4%
Indoor racquet sportSquash
85.2%
=Equals
78.1%
Knight's attendantSquire
77.3%
Make a noise like a pigSqueal
75.1%
HorselikeEquine
73.1%
Quickly eject liquid; short personSquirt
71.3%
Flatten with one's footSquish
69.2%
Clue Answer % Correct
Brief stormSquall
57.3%
Treat as equivalentEquate
55.9%
Unhip person, nerd, L7Square
55.5%
To twist or contort, to avoid a graspSquirm
49.7%
The value of ownership of a propertyEquity
44%
Make a noise like a bird; Protest noisilySquawk
35.1%
Philippines president CorazonAquino
28%
'The Stroke' guitarist BillySquier
15.4%
Constellation known as 'The Eagle'Aquila
10.3%

You're not logged in!

Compare scores with friends on all Sporcle quizzes.
Sign Up with Email
OR
Log In

You Might Also Like...

Show Comments

Extras

Top Quizzes Today


Score Distribution

Your Account Isn't Verified!

In order to create a playlist on Sporcle, you need to verify the email address you used during registration. Go to your Sporcle Settings to finish the process.